Informe anual 2011 : (Record no. 1988)

MARC details
000 -LEADER
fixed length control field 00550nam a22001457a 4500
008 - FIXED-LENGTH DATA ELEMENTS--GENERAL INFORMATION
fixed length control field 140411b xxu||||| |||| 00| 0 spa d
082 ## - DEWEY DECIMAL CLASSIFICATION NUMBER
Edition number 14
Classification number 323
245 00 - TITLE STATEMENT
Title Informe anual 2011 :
Remainder of title violaciones a los derechos humanos en los lugares de detención de la provincia de Buenos Aires. /
260 ## - PUBLICATION, DISTRIBUTION, ETC. (IMPRINT)
Place of publication, distribution, etc Buenos Aires :
Name of publisher, distributor, etc Comité contra la tortura,
Date of publication, distribution, etc 2011.
300 ## - PHYSICAL DESCRIPTION
Extent 441 p.
650 #0 - SUBJECT ADDED ENTRY--TOPICAL TERM
9 (RLIN) 1105
Topical term or geographic name as entry element DERECHOS HUMANOS
856 41 - ELECTRONIC LOCATION AND ACCESS
Uniform Resource Identifier <a href="http://bibliots.trabajosocial.unlp.edu.ar/meran/opac-detail.pl?id1=3145">http://bibliots.trabajosocial.unlp.edu.ar/meran/opac-detail.pl?id1=3145</a>
942 ## - ADDED ENTRY ELEMENTS (KOHA)
Source of classification or shelving scheme Dewey Decimal Classification
Item type Libro, folleto, traducción
980 ## - EQUIVALENCE OR CROSS-REFERENCE-SERIES STATEMENT--PERSONAL NAME/TITLE [LOCAL, CANADA]
Field link and sequence number 1943
Miscellaneous information VALERIA BEATRIZ DOMÍNGUEZ
Holdings
Withdrawn status Lost status Source of classification or shelving scheme Damaged status Not for loan Home library Current library Date acquired Full call number Barcode Date last seen Copy number Price effective from Koha item type Total Checkouts Total Renewals Date last borrowed
    Dewey Decimal Classification   Consultar Disponibilidad Biblioteca Central DEPOSITO 11/04/2014 323 INF 2011 UNAJ14040452 23/02/2022 1 11/04/2014 Libro, folleto, traducción      
    Dewey Decimal Classification   Consultar Disponibilidad Biblioteca Central DEPOSITO 11/04/2014 323 INF 2011 UNAJ14040453 23/02/2022 2 11/04/2014 Libro, folleto, traducción 1 2 15/05/2017

Lunes a Viernes 8:30 a 19:00 hs. Cerrado por mudanza
Av.Calchaqui 6200 Florencio Varela (CP188) 2°piso Edificio Mosconi Aula 209-210
Mail: bibliotecacentralunaj@gmail.com  
Whatsapp(54 9)1122668024    ❔Pregunte a la bibliotecaria
© Universidad Nacional Arturo Jauretche | Secretaría Académica | Biblioteca Central UNAJ